| 000 | 00000nam##2200000za#4500 |
| 001 | 9.645023 |
| 003 | CaOODSP |
| 005 | 20250506145324 |
| 007 | ta |
| 008 | 150407|1992||||xxc||||| f|0| 0 eng|d |
| 020 | |a0-662-19264-8 |
| 040 | |aCaOODSP|beng |
| 043 | |an-cn--- |
| 086 | 1 |aA43-1878/1992E |
| 110 | 1 |aCanada.|bAgriculture Canada. |
| 245 | 10|aColorado potato beetle life stages / |cby Gilles Boiteau and Jean-Pierre R. Le Blanc. |
| 260 | |aOttawa - Ontario : |bAgriculture Canada |c1992. |
| 300 | |a13p. : |bcoloured illus., references ; |c23 cm. |
| 563 | |aSoftcover |
| 590 | |a92-13|b1992-03-27 |
| 720 | 1 |aBoiteau, Gilles |
| 720 | 1 |aLe Blanc, Jean-Pierre R. |
| 775 | 08|tStades du cycle vital du doryphore de la pomme de terre / |w(CaOODSP)9.678806 |
| 776 | 0#|tColorado potato beetle life stages / |w(CaOODSP)9.693532 |
| 986 | |aPublication 1878/E |